Loreto College Library, Kolkata
WEBOPAC (ONLINE PUBLIC ACCESS CATALOGUE)

Our health is in our hands (Record no. 37033)

MARC details
000 -LEADER
fixed length control field 00580nam a2200205Ia 4500
005 - DATE AND TIME OF LATEST TRANSACTION
control field 20230427111741.0
008 - FIXED-LENGTH DATA ELEMENTS--GENERAL INFORMATION
fixed length control field 131103s9999 xx 000 0 und d
020 ## - ISBN | অাই এস বি এন
ISBN | অাই এস বি এন 8175245018
PRICE Rs.450.00
040 ## - CATALOGING SOURCE
Original cataloging agency Loreto College
041 ## - LANGUAGE CODE
Language code English
082 ## - DDC | ডিউই
Classification number | বর্গসংখ্যা 613
Book Number | গ্রন্থাঙ্ক RAT
100 ## - MAIN ENTRY--PERSONAL NAME | মুখ্য সংলেখ - ব্যাক্তিনাম
Personal name | ব্যাক্তিনাম Rathee, Bhagat Singh
245 ## - TITLE STATEMENT | অাখ্যা বিবরণী
Title | অাখ্যা Our health is in our hands
Statement of responsibility | লেখকের দায়িত্বের বিবরণ Dr.Bhagat Singh Rathee, Dr.Jagir Nain and Dr. Santosh Sharma
260 ## - IMPRINT | প্রকাশনা ক্ষেত্র
Place of publication | প্রকাশ স্থান New Delhi
Name of publisher | প্রকাশকের নাম Khel Sahitya Kendra
Date of publication | প্রকাশ কাল 2008
300 ## - PHYSICAL DESCRIPTION |
Page / Vol. No | পৃষ্ঠা / খন্ড সংখ্যা 230p.
504 ## - BIBLIOGRAPHY, ETC. NOTE
Bibliography, etc Includes references
700 ## - ADDED ENTRY--PERSONAL NAME | অতিরিক্ত সংলেখ - ব্
Personal name | ব্যাক্তিনাম Nain, Jagir
850 ## - HOLDING INSTITUTION
Holding institution LCLIB
942 ## - ADDED ENTRY ELEMENTS (KOHA)
Koha item type Books
Holdings
Withdrawn status Lost status Source of classification Damaged status Not for loan Home library Current library Date acquired Total Checkouts Full call number Accession No. Date last seen Price effective from Koha item type Coded location qualifier
    Dewey Decimal Classification     Loreto College Loreto College 04/11/2013   613 RAT 48236 B40186 04/11/2013 04/11/2013 Books